[Event "Sapporo Autumn Chess Tournament 2025"]
[Site "Sapporo Chess Club"]
[Date "2025.10.13"]
[Round "5.1"]
[White "Yoshii, Yukihiko"]
[Black "Nishimori, Toshiyuki"]
[Result "0-1"]
[WhiteElo "1753"]
[BlackElo "1699"]
[Annotator "Fritz 11 SE (30s)"]
[PlyCount "58"]
[EventDate "2025.10.12"]

{[%mdl 8192] A36: Symmetrical English vs ...g6: 4 Bg2 Bg7} 1. c4 Nf6 2. Nc3 g6
3. g3 Bg7 4. Bg2 c5 5. e3 d6 6. Nge2 Nc6 7. d4 cxd4 (7... Bd7 8. O-O Qc8 9. b3
Bh3 10. Bb2 Bxg2 11. Kxg2 Qf5 12. Qb1 Qxb1 13. Raxb1 cxd4 14. Nxd4 Rc8 15. Rfd1
O-O 16. e4 Nxd4 17. Rxd4 Rfe8 18. Rd2 a6 19. a4 Kf8 20. f4 Nd7 21. Nd5 Bxb2 22.
Rbxb2 {Anastasian,A (2568)-Malakhov,V (2664) Moscow 2005 1/2-1/2 (59)}) 8. exd4
(8. Nxd4 Bd7 9. O-O Qc8 10. b3 h5 11. h4 Bh3 12. Bb2 Bxg2 13. Kxg2 Ne5 14. f3
O-O 15. Rc1 Qd7 16. Nde2 Rfd8 17. Nf4 Rac8 18. Qd4 Nxc4 19. bxc4 e5 20. Qd3
exf4 21. gxf4 Ne8 22. Ba3 Rc6 {Alvarez Pedraza,A (2476)-Rivera,I (2192) Bogota
2014 1-0 (52)}) 8... Rb8 $146 {White has an active position} (8... O-O 9. h3
Bd7 10. O-O Na5 11. b3 a6 12. Be3 Rb8 13. Rc1 b5 14. c5 b4 15. Na4 d5 16. Nb6
Bb5 17. Bf4 Rb7 18. Be5 e6 19. Re1 Nc6 20. Nf4 Nxe5 21. dxe5 Nd7 22. Nxd7 Qxd7
23. Qd4 {Reiss,T (2430)-Heinzel,O (2402) Augsburg 2005 1/2-1/2 (75)}) 9. a3 {
Black has a cramped position} O-O 10. O-O e5 11. d5 {White threatens to win
material: d5xc6} Ne7 12. h3 {Prevents intrusion on g4} a6 {Consolidates b5} 13.
b4 b5 (13... b6 14. Re1 $11) 14. Qb3 (14. c5 h5 $16) 14... Bd7 (14... bxc4 $142
$5 {would keep Black alive} 15. Qxc4 Bb7 $15) 15. c5 $14 dxc5 16. bxc5 {
White has new passed pawns: c5+d5} Qc8 17. Be3 (17. Bg5 $5 Bxh3 18. Bxf6 Bxf6
19. Bxh3 Qxh3 20. Ne4 $14) 17... Bxh3 $11 18. Rad1 Bxg2 19. Kxg2 Ng4 (19... a5
20. d6 Nf5 21. Nd5 $11) 20. Ne4 $14 Nxe3+ 21. fxe3 (21. Qxe3 f5 22. d6 fxe4 23.
dxe7 Re8 $14) 21... Qg4 $11 {Black threatens to win material: Qg4xe2. Black
forks: e2+e4} 22. N2c3 h5 23. Qc2 $4 {with this move White loses his initiative
} (23. Nf2 Qc4 24. Qxc4 bxc4 25. d6 $16) 23... Nf5 $17 24. Rfe1 $2 (24. Kf2
$142 $17) 24... Nh4+ $19 25. Kf2 (25. Kh1 {is one last hope} Nf3 26. Kg2 Nxe1+
27. Rxe1 $19) 25... f5 26. Nd6 (26. Ng5 {is no salvation} f4 27. Nce4 fxg3+ 28.
Kg1 Rf2 $19) 26... Qf3+ (26... f4 27. exf4 (27. gxh4 $4 {is refuted by the
following mate in 4} fxe3+ 28. Kxe3 Bh6+ 29. Kd3 Qd4+ 30. Ke2 Rf2#) 27... Rxf4+
28. gxf4 Qg2+ 29. Ke3 Qxc2 30. Ne2 Qxc5+ 31. Kd2 exf4 32. Nxf4 Qc3+ 33. Ke2
Qf3+ 34. Kd2 Qxf4+ 35. Re3 Qxd6 36. Rb1 Qxd5+ 37. Rd3 Bh6+ 38. Kd1 Qxd3+ 39.
Ke1 Rf8 40. Rxb5 Qd2#) 27. Kg1 Qxg3+ 28. Kh1 Nf3 29. Qg2 (29. Re2 {no good,
but what else?} b4 30. Na4 $19) 29... Qh4+ (29... Qh4+ 30. Qh3 Qxh3#) 0-1

[Event "Sapporo Autumn Chess Tournament 2025"]
[Site "Sapporo Chess Club"]
[Date "2025.10.13"]
[Round "5.2"]
[White "Shishido, Kenta"]
[Black "Sugimoto, Koichi"]
[Result "0-1"]
[WhiteElo "1483"]
[BlackElo "1866"]
[Annotator "Fritz 11 SE (30s)"]
[PlyCount "78"]
[EventDate "2025.10.12"]

{[%mdl 8192] B70: Sicilian Dragon: 6 g3 and 6 Be2 (without a later Be3)} 1. e4
c5 2. Nf3 d6 3. d4 cxd4 4. Nxd4 Nf6 5. Nc3 g6 6. Bb5+ Nbd7 $146 (6... Bd7 7.
Bxd7+ (7. g4 Bxb5 8. Ndxb5 Bg7 (8... a6 9. g5 Nfd7 10. Nd4 Bg7 11. Be3 Nc6 12.
f4 Nb6 13. Nxc6 bxc6 14. Qd3 Qc7 15. O-O-O Rb8 16. f5 Qb7 17. b3 Rd8 18. Bd4
Bxd4 19. Qxd4 O-O 20. h4 Nd7 21. h5 Ne5 22. Rh3 Kg7 23. hxg6 {Brochet,P (2388)
-Maisuradze,N (2266) Evry 2005 1-0}) 9. g5 Nh5 10. Be3 Nc6 11. Nd4 O-O 12. Nf5
Bxc3+ 13. bxc3 gxf5 14. Qxh5 Qa5 15. O-O fxe4 16. Kh1 Qxc3 17. Rg1 Qe5 18. Rad1
Qf5 19. Rg3 Ne5 20. Bd4 Nf3 21. Bf6 Rfe8 {Brooks,M (2463)-Kudrin,S (2563)
Stillwater 2009 1/2-1/2}) (7. a4 Bg7 8. O-O O-O 9. Bg5 Nc6 10. Nde2 Re8 11. Qd2
Rc8 12. Bxc6 bxc6 13. Rad1 Be6 14. b3 Qa5 15. Bxf6 exf6 16. Nd4 f5 17. exf5
Bxf5 18. Nxf5 Qxf5 19. Qd3 Qe5 20. Nb1 d5 21. Nd2 Qc3 {Campos Olaya,I (2166)
-Chalmeta Ugas,R (2240) Sant Boi 2015 0-1 (34)}) (7. Qe2 Bg7 8. Be3 O-O 9.
O-O-O Nc6 10. Bxc6 bxc6 11. e5 Nd5 12. Nxd5 cxd5 13. exd6 e5 14. Nb3 d4 15. Bd2
Qb6 16. Qc4 Rfc8 17. Qd5 Be6 18. Qf3 e4 19. Qg3 d3 20. c3 Bxb3 21. d7 Rd8 {
Vargas Maliqueo,I (2205)-Valenzuela Fuentealba,L (2434) Santiago de Chile 2007
0-1}) 7... Nbxd7 8. Qe2 Bg7 9. Bd2 Rc8 10. O-O-O Nb6 11. f4 Nc4 12. Nb3 Nxd2
13. Rxd2 Nd7 14. e5 O-O 15. Rd3 Bh6 16. exd6 Bxf4+ 17. Kb1 exd6 18. Rhd1 Nb6
19. Nb5 Qe8 20. Qxe8 Rcxe8 21. g3 {Karklins,A (2376)-Shahade,J (2257)
Philadelphia 2001 0-1 (51)}) 7. O-O Bg7 8. Re1 {Black has a cramped position.
Black's piece can't move: c8} O-O 9. b3 (9. Bg5 a6 10. Be2 Re8 $11) 9... a6 10.
Bf1 Qc7 11. Bb2 b5 12. Nd5 Nxd5 13. exd5 Ne5 (13... Nb6 14. c4 bxc4 15. Rc1 $11
) 14. h3 {Controls g4} (14. f4 Qc5 15. a4 $11 (15. fxe5 $143 dxe5 16. a4 exd4
$17)) 14... Re8 $11 15. g3 Bb7 {Black threatens to win material: Bb7xd5} 16.
Bg2 Qc5 17. Ne2 (17. Re3 $5 $11 {has some apparent merit}) 17... Nf3+ $17 18.
Bxf3 Bxb2 19. Rb1 Be5 20. Kg2 Rac8 (20... b4 21. Nf4 Qa5 22. Re4 $17) 21. c4
$15 Rc7 (21... bxc4 22. bxc4 Ba8 23. Rc1 $15) 22. Rc1 b4 23. Rc2 e6 24. Rd2 (
24. Qd3 Rf8 $11) 24... a5 (24... Rce7 25. Nd4 exd5 26. Rde2 $15) 25. Rd3 $11 a4
26. Kf1 (26. dxe6 Bxf3+ 27. Rxf3 fxe6 $11) 26... a3 (26... Rce7 $5 27. dxe6
Bxf3 28. Rxf3 axb3 29. axb3 fxe6 $11) 27. dxe6 $11 fxe6 28. Bxb7 Rxb7 29. Nd4
Rf7 30. Re2 Rf6 31. Kg2 {White king safety dropped} Ref8 32. f4 (32. Qd2 Bxd4
33. Rxd4 Rf3 $11) 32... Bxd4 33. Rxd4 Qc6+ (33... e5 34. Rd5 exf4 35. Rxc5 f3+
36. Kg1 fxe2 37. Qxe2 dxc5 38. Qe3 $11) 34. Kf2 (34. Rde4 $5 $11 {is worthy of
consideration}) 34... e5 $15 {Black threatens to win material: e5xd4. Black
forks: d4+f4} 35. Rde4 exf4 36. gxf4 (36. g4 $142 $5 $15 {is interesting})
36... Rxf4+ $17 37. Rxf4 Rxf4+ 38. Ke1 $4 {simply worsens the situation} (38.
Kg3 $142 Rf5 39. Qe1 $17) 38... Qh1+ 39. Kd2 Rd4+ (39... Rd4+ 40. Ke3 Rxd1 41.
c5 Qxh3+ 42. Kf4 Rd3 43. Re8+ Kf7 44. Rf8+ Kxf8 45. Kg5 dxc5 46. Kf6 Qf5#) 0-1

[Event "Sapporo Autumn Chess Tournament 2025"]
[Site "Sapporo Chess Club"]
[Date "2025.10.13"]
[Round "5.3"]
[White "Furuse, Mizuki"]
[Black "Nakamura, Mitsuru"]
[Result "1-0"]
[WhiteElo "1584"]
[BlackElo "1579"]
[Annotator "Fritz 11 SE (30s)"]
[PlyCount "73"]
[EventDate "2025.10.12"]

{[%mdl 64] E66: King's Indian: Fianchetto: 6...c5 7 0-0 Nc6 8 d5} 1. Nf3 Nf6 2.
g3 g6 3. Bg2 Bg7 4. O-O O-O 5. c4 c5 6. d4 d6 7. Nc3 Nc6 8. d5 Na5 9. Qd3 Rb8 (
9... e5 10. e4 Bd7 11. Rb1 Ne8 12. Bg5 f6 13. Bd2 b6 14. b3 Nb7 15. h4 a6 16.
h5 g5 17. Nh2 b5 18. Bf3 b4 19. Nd1 f5 20. exf5 Bxf5 21. Be4 Bxe4 22. Qxe4 Nf6
23. Qe2 Qe8 24. Bxg5 {Fridman,D (2594)-Ivkov,B (2433) Philadelphia 2004 1/2-1/
2 (37)}) (9... e6 10. Bg5 e5 11. Nd2 h6 12. Bxf6 Bxf6 13. e4 Bg7 14. b3 Bd7 15.
Rab1 b6 16. Ne2 Qe7 17. f4 exf4 18. Nxf4 Rae8 19. Rbe1 Nb7 20. Nf3 Bg4 21. h3
Bxf3 22. Qxf3 h5 23. h4 Be5 24. Nh3 {Frouth,N (2199)-Kristovic,M (2297) Velika
Gorica 2015 1/2-1/2 (51)}) 10. e4 $146 (10. Ng5 a6 11. Bd2 b5 12. cxb5 axb5 13.
Nxb5 c4 14. Qe3 Rxb5 15. Qa7 Nxd5 16. a4 Nc6 17. Qa8 Rxb2 18. Qxc6 Rxd2 19.
Bxd5 Bxa1 20. Rxa1 e6 21. Nxf7 Rxf7 22. Bxc4 Bb7 23. Qb5 Qf6 24. Rf1 Qxf2+ {
Hernandez,H (2240)-Bravo,J (2170) El Bolson 2002 0-1}) (10. Rb1 a6 11. Nd2 Ng4
12. Nd1 Bd7 13. Qc2 b5 14. h3 Nf6 15. b3 bxc4 16. bxc4 Rxb1 17. Qxb1 Qb8 18.
Qd3 e6 19. dxe6 Bxe6 20. Ba3 Nd7 21. Ne3 Ne5 22. Qc2 Nac6 23. Nd5 Nd4 24. Qd1
Bxd5 {Palecek,P (2260)-Kalata,P (2255) Slovakia 2005 1-0 (43)}) 10... Bg4 {
Black's piece can't move: a5} (10... a6 11. Rb1 $11) 11. Be3 (11. Rb1 a6 $11)
11... b6 {Black has a cramped position} (11... Nd7 12. Bf4 $11) 12. Nd2 Qd7 (
12... Bd7 13. f3 $11) 13. a3 $14 {White has an active position} Bh3 14. b4 Bxg2
15. Kxg2 {White king safety dropped} Nb7 16. h3 {Covers g4} Rfe8 {Black has a
cramped position} 17. Rab1 {[%cal Yb4b5] White intends b5} e6 18. b5 {White
gains space} (18. dxe6 Qxe6 19. f4 Qd7 $14) 18... Na5 19. Rbd1 (19. Bg5 e5 $14)
19... exd5 $11 20. Nxd5 Nxd5 21. exd5 Re7 22. Bf4 Rbe8 23. h4 (23. Nf3 Re4 24.
Rc1 Bb2 $11) 23... Be5 24. Ne4 Qf5 25. Bxe5 ({Less advisable is} 25. Nxd6 Qxd3
26. Rxd3 Rd8 27. Nxf7 Kxf7 $17) 25... Qxe5 26. Rde1 Nb7 (26... Qg7 $142 $5 {
is worth consideration} 27. Re3 f5 $11) 27. Qf3 $16 f5 28. Nxc5 $1 {Discovered
attack: e4, Re1xe5} Nxc5 $2 (28... bxc5 29. Rxe5 {Discovered attack}) (28...
Nxc5 29. Rxe5 {Discovered attack}) (28... dxc5 29. Rxe5 {Overloading
Deflection Discovered attack}) 29. Rxe5 $18 Rxe5 30. Qd1 (30. h5 {keeps an
even firmer grip} Re4 31. Qc3 Kf7 $18) 30... Ne4 (30... Re2 31. h5 $1 {Decoy:
h5} g5 32. a4 $18) 31. Qc2 (31. Re1 {makes it even easier for White} h5 $18)
31... Rf8 $6 {not the bravest move} (31... Nc5 $18) 32. Re1 Rfe8 33. f3 Nc5 34.
Rxe5 Rxe5 35. Kf2 (35. h5 {seems even better} Kg7 $18) 35... Kf7 36. Qd1 Kf6 (
36... h5 37. Kg2 $18) 37. g4 1-0

[Event "Sapporo Autumn Chess Tournament 2025"]
[Site "Sapporo Chess Club"]
[Date "2025.10.13"]
[Round "5.4"]
[White "Yajima, Machiko"]
[Black "Kaga, Kazuyuki"]
[Result "0-1"]
[WhiteElo "1327"]
[BlackElo "1481"]
[Annotator "Fritz 11 SE (30s)"]
[PlyCount "112"]
[EventDate "2025.10.12"]

{[%mdl 8192] A37: Symmetrical English vs ...g6: 4 Bg2 Bg7 5 Nf3} 1. g3 g6 2.
Nf3 Bg7 3. Bg2 c5 4. O-O Nc6 5. c4 e6 6. d3 Nge7 7. Nc3 d5 8. Na4 $146 (8. cxd5
exd5 (8... Nxd5 9. Bg5 Nxc3 10. bxc3 Qc7 11. Qd2 e5 12. Bh6 O-O 13. Bxg7 Kxg7
14. Qe3 Qe7 15. Nd2 Bd7 16. Rab1 b6 17. Nc4 Rae8 18. Qe4 f5 19. Qd5 Rf6 20. Rb2
Rd8 21. Qf3 g5 22. a4 g4 23. Qe3 {Solomon,S (2395)-Freeman,M (2205) Melbourne
1996 1-0 (36)}) 9. Bd2 (9. Bg5 h6 10. Bxe7 Nxe7 11. d4 cxd4 12. Nxd4 O-O 13. e3
Nc6 14. Nxd5 Nxd4 15. exd4 Be6 16. Nf4 Bc4 17. Re1 Qxd4 18. Qc2 Rac8 19. Bxb7
Qxb2 20. Qxb2 Bxb2 21. Rab1 Bc3 22. Rec1 Bd2 23. Nxg6 fxg6 {Larsen,B (2590)
-Kortschnoj,V (2695) London 1980 1-0 (78)}) (9. Bf4 O-O 10. Qd2 Bf5 11. Rac1
Qd7 12. Bh6 d4 13. Ne4 b6 14. Nh4 Bh3 15. Bxh3 Qxh3 {1/2-1/2 (15) Pfleger,H 
(2520)-Penrose,J (2450) Bath 1973}) 9... h6 (9... O-O 10. Qc1 b6 11. Bh6 Bb7
12. Bxg7 Kxg7 13. a3 d4 14. Ne4 Nd5 15. Rb1 Qe7 16. Re1 Rad8 17. h4 h6 18. g4
f5 19. gxf5 Rxf5 20. Ng3 Rdf8 21. Nxf5+ Rxf5 22. e4 dxe3 23. fxe3 Ne5 24. Nxe5
{Agudelo,A (2300)-De Greif,B (2345) Bogota 1975 1-0 (31)}) 10. Rc1 O-O 11. a3
b6 12. Qa4 d4 13. Nb1 Bd7 14. Qc2 a5 15. b3 Be6 16. Be1 Nd5 17. Nfd2 Re8 18.
Nc4 b5 19. Ncd2 Rc8 20. Ne4 Bf8 21. Qb2 Qb6 22. Rc2 f5 {Vasquez,J (2270)
-Quinteros,M (2465) Sao Paulo 1972 0-1 (43)}) (8. Bg5 O-O $11) 8... b6 $11 {
Secures c5} 9. Bg5 O-O 10. Bxe7 {White forks: f8+d8} (10. Nc3 Qd7 $11) 10...
Qxe7 11. e3 {Prevents intrusion on d4} (11. Nc3 Qd8 $15) 11... Ba6 12. Rb1 $2 (
12. Nc3 $142 $5 $15 {and White has air to breath}) 12... dxc4 $19 13. Ne1 $2 (
13. Nd2 Qd7 14. dxc4 Rad8 $19) 13... Rac8 (13... Qe8 {might be the shorter path
} 14. Nc3 Rd8 15. d4 cxd4 16. Qa4 $19) 14. Nc3 $2 (14. Bxc6 Rxc6 15. Qc2 $19)
14... cxd3 15. Qa4 Na5 16. Nb5 (16. Nf3 {hardly improves anything} c4 $19)
16... Bxb5 (16... Qe8 $142 $5 {might be the shorter path} 17. Nc3 Qxa4 18. Nxa4
$19) 17. Qxb5 c4 18. b4 (18. Nf3 $19 {doesn't change the outcome of the game})
18... d2 (18... Nb7 {and Black can already relax} 19. Qa4 Nd6 20. Rd1 $19) 19.
Nc2 $4 {but even a better move would not have saved the game} (19. bxa5 $142
dxe1=B 20. Rfxe1 $19) 19... c3 (19... Nb7 $142 $19 {secures the win}) 20. bxa5
$17 Qc5 $4 {not a good decision, because now the opponent is right back in the
game} (20... Rc5 $142 21. Qb4 Rb8 $17) 21. Qxc5 $16 Rxc5 22. axb6 axb6 23. Rxb6
Rd8 24. Rd1 Ra5 25. a3 Bf8 26. Rc6 Bxa3 $2 (26... Bg7 $142 $16) 27. Rxc3 $18
Bb2 28. Rb3 Ra2 (28... Bc1 29. Nd4 Rc5 30. Kf1 $18) 29. Bf3 (29. Kf1 {makes it
even easier for White} Bc1 30. Nb4 Ra4 $18) 29... Bf6 (29... Bc1 30. Nd4 $18)
30. Be4 Bg7 31. Bd3 (31. Na3 {seems even better} f5 32. Bb1 Rb2 33. Rxb2 Bxb2
$18) 31... e5 (31... Rxd3 32. Rxd3 Rxc2 33. R3xd2 Rxd2 34. Rxd2 g5 $18) 32.
Rxd2 (32. Nb4 $142 {makes sure everything is clear} Raa8 33. Be4 $18 (33. Rxd2
$6 {is clearly weaker} e4 $16)) 32... e4 $14 {Black threatens to win material:
e4xd3.} 33. Bc4 (33. Rd1 Rxd3 34. Rbxd3 exd3 $14) 33... Rxd2 34. Rb8+ Bf8 35.
Bxa2 Rxc2 36. Bd5 {White threatens to win material: Bd5xe4} Kg7 $2 (36... Rc7
37. Bxe4 f5 38. Bd5+ Kg7 39. Kg2 $14) 37. Bxe4 (37. Rb7 $142 $5 Rd2 38. Rxf7+
Kg8 39. Bb3 $16) 37... Rd2 38. Kg2 Bc5 39. Kf3 f5 {Black threatens to win
material: f5xe4} 40. Rb7+ Kf6 41. Bb1 g5 42. h3 h5 {[%cal Yg5g4] Black
prepares the advance g4} 43. Rh7 (43. Rb3 $142 $5 $11 {should be investigated
more closely}) 43... g4+ $15 44. hxg4 $2 (44. Kg2 Bxe3 45. Kh1 $15 (45. Rxh5 $4
{A poison bait which should not be taken} Rxf2+ 46. Kh1 Rf1+ 47. Kg2 Rg1+ 48.
Kh2 Rxb1 49. hxg4 fxg4 $19)) 44... hxg4+ $19 (44... fxg4+ $6 45. Ke4 Rxf2 46.
Rxh5 $11) 45. Kg2 Bxe3 46. Kg1 $4 {a blunder in a bad position} (46. Kh1 Rxf2
47. Bd3 $19) 46... Rxf2 47. Rh2 (47. Bxf5 {there is nothing better in the
position} Kxf5 48. Re7 $19) 47... Rb2+ 48. Kf1 (48. Rf2 {a fruitless try to
alter the course of the game} Bxf2+ 49. Kg2 Be1+ 50. Kf1 Rxb1 51. Ke2 Bxg3 52.
Kd3 Be5 53. Ke2 g3 54. Ke3 g2 55. Kf2 g1=Q+ 56. Kf3 Qh2 57. Ke3 Rb3#) 48...
Rxh2 49. Bd3 (49. Ke1 {doesn't do any good} Bf2+ 50. Ke2 Bxg3+ 51. Kd3 Be5 52.
Bc2 g3 53. Bd1 g2 54. Be2 g1=Q 55. Kc4 Rxe2 56. Kd5 Qg2+ 57. Kc5 Qb7 58. Kc4
Rd2 59. Kc5 Rc2#) 49... Bf2 50. Be2 (50. Ke2 {doesn't change anything anymore}
Bxg3+ 51. Kd1 Bf4 52. Bf1 g3 53. Ke1 Kg5 54. Bc4 g2 55. Kf2 Be5 56. Bd5 Bd4+
57. Ke2 g1=Q+ 58. Kd3 Bc5 59. Bg2 Qd4+ 60. Ke2 Rxg2+ 61. Kf3 Qe4#) 50... Bxg3
51. Bc4 Be5 52. Kg1 (52. Bd5 {cannot change what is in store for White} Kg5 53.
Bg8 g3 54. Bd5 f4 55. Bf3 Rf2+ 56. Ke1 Rxf3 57. Ke2 Rc3 58. Kd1 f3 59. Kd2 g2
60. Ke1 g1=Q+ 61. Kd2 Qc1#) 52... g3 53. Bb5 (53. Bd5 {cannot change destiny}
Bd4+ 54. Kf1 Rf2+ 55. Ke1 Bc3+ 56. Kd1 Rd2+ 57. Kc1 Rxd5 58. Kc2 g2 59. Kb3
g1=Q 60. Kxc3 Qd4+ 61. Kc2 Qc4+ 62. Kb2 Rd2+ 63. Ka3 Ra2#) 53... Bd4+ 54. Kf1
g2+ 55. Ke1 (55. Ke2 {does not win a prize} g1=Q+ 56. Kd3 Bc5 57. Kc4 Qd4+ 58.
Kb3 Rb2#) 55... g1=Q+ 56. Bf1 Qf2+ (56... Qf2+ 57. Kd1 Qxf1#) 0-1

[Event "Sapporo Autumn Chess Tournament 2025"]
[Site "Sapporo Chess Club"]
[Date "2025.10.13"]
[Round "5.5"]
[White "Denta, Seiichi"]
[Black "Ito, Katsuhide"]
[Result "0-1"]
[WhiteElo "1376"]
[BlackElo "1307"]
[Annotator "Fritz 11 SE (30s)"]
[PlyCount "50"]
[EventDate "2025.10.12"]

{[%mdl 8192] D00: 1 d4 d5: Unusual lines} 1. d4 d5 2. Nf3 e6 3. Nc3 c5 4. dxc5
$146 (4. e3 Nc6 5. Bb5 Nf6 6. O-O Be7 7. dxc5 Bxc5 8. a3 O-O 9. b4 Be7 10. Bb2
a5 11. Bxc6 bxc6 12. Qd4 Ba6 13. Rfb1 Ne8 14. Na4 f6 15. bxa5 e5 16. Qb6 Qd6
17. Bc3 Bd8 18. Bb4 Qe6 {Haubt,G (2225)-Weise,M (2152) Germany 2007 1-0}) (4.
Bg5 Qb6 5. Qd2 cxd4 6. Nxd4 Nc6 7. Nb3 Be7 8. Bxe7 Ngxe7 9. e3 O-O 10. f4 Nf5
11. Nd1 Nb4 12. c3 Nxa2 13. Nd4 Nxd4 14. exd4 Qb3 15. Bd3 Nxc3 16. bxc3 Qb6 17.
O-O Bd7 18. Rf3 g6 {Fomina,T (2297)-Voronova,T (2276) Tallinn 1999 1-0}) (4. e4
$5 cxd4 5. Qxd4 $14) 4... Bxc5 $11 5. Be3 (5. e4 $142 $5 {should not be
overlooked} Nf6 6. Bb5+ Nc6 7. Bg5 $11) 5... Bxe3 $15 6. fxe3 Qb6 (6... Nc6 7.
Qd2 $15) 7. b3 (7. Qd4 Nf6 8. Qxb6 axb6 $11) 7... Qxe3 8. Qd3 {White threatens
to win material: Qd3xe3} Qh6 (8... Qxd3 9. exd3 Bd7 $15) 9. Ne5 $2 (9. e4 $142
$5 {is a viable option} Nf6 10. exd5 $11) 9... Nf6 $17 10. Qb5+ (10. Qd2 $5
Qxd2+ 11. Kxd2 $17) 10... Nbd7 $19 11. Nxd7 Nxd7 (11... Bxd7 12. Qb4 $19) 12.
Rd1 (12. Qb4 a5 13. Qd4 O-O $17) 12... a6 (12... O-O $142 $5 $19) 13. Qb4 $17
Qf6 (13... Nf6 $142 $17) 14. Rd4 $2 (14. e4 $142 {and White hangs on} a5 15.
Qd4 dxe4 16. Nxe4 Qxd4 17. Rxd4 $15) 14... a5 $19 15. Rf4 $4 {the final
mistake, not that it matters anymore} (15. Qa4 O-O 16. e3 $19) 15... axb4 16.
Rxf6 Nxf6 17. Nb5 (17. Na4 {doesn't improve anything} b5 18. Nc5 Rxa2 $19)
17... Rxa2 18. Nd6+ Kd7 19. Nxf7 Rf8 (19... Ne4 $142 {keeps an even firmer grip
} 20. e3 Ra1+ 21. Ke2 $19) 20. Ne5+ Kd6 21. Nd3 Ne4 22. Nf2 Nxf2 (22... Rxf2
23. e3 Ra1#) 23. Rg1 (23. e4 {doesn't get the bull off the ice} Ra1+ 24. Ke2 d4
25. e5+ Kc5 26. c4 bxc3 27. b4+ Kc4 28. Rg1 Nd3 29. g4 Rf2#) 23... Ra1+ 24. Kd2
Rd1+ 25. Ke3 Ng4# 0-1